00758cam a22002291a 450000100060000000300080000600500170001400800410003103500140007203500120008604000220009804100080012008200220012810000360015024500320018625000110021826000360022930000350026550001730030050400310047365000240050472420BD-RjUL20211209082247.0190304s1949 nyua b 000 0 eng  a(BD-RjUL) a2250542 aLCbengcLCdXNTU aeng04a547223bWHA 19491 aWheland, George Willard,d1907-10aAdvanced organic chemistry. a2d ed. aNew York,bJ. Wileyc1949[1954] axi, 799 p. :bdiagrs ;c24 cm. a"Chapters 1-10 copyrighted as Syllabus for advanced organic chemistry 321 ... 1946. Chapters 12-15 copyrighted as Syllabus for advanced organic chemistry 322 ... 1948." aBibliographical footnotes. 0aChemistry, Organic.